banner-ar

المنزل ذو الشرفات السبع : (Record no. 9641)

MARC details
000 -الفاتح
حقل البيانات ثابتة الطول 00728nam a2200193Ia 4500
008 - عناصر البيانات ثابتة الطول - معلومات عامة
حقل البيانات ثابتة الطول 140319s9999 xx 000 0 ara d
040 ## - مصدر الفهرسة
وكالة الفهرسة الأصلية GCL /
وكالة النسخ GCL
082 04 - رقم تصنيف ديوى العشرى
رقم التصنيف 860.6
رقم المادة ك م
100 1# - المدخل الرئيسى - إسم شخصى
الإسم الشخصى كاسونا، الخاندرو
245 10 - بيان العنوان
العنوان المنزل ذو الشرفات السبع :
بقية العنوان كوميديا سوداء من ثلاثة فصول (مسرحية) /
بيان المسئوليه,etc كاسونا، الخاندرو
250 ## - بيان الطبعة
بيان الطبعة الاولى
260 ## - PUBLICATION, DISTRIBUTION, ETC. (IMPRINT)
تاريخ النشر أو التوزيع 1990
300 ## - الوصف المادى
التعداد 157 ص ؛
أبعاد الوعاء 18 سم
490 ## - بيان السلسلة
عنوان السلسلة ابداعات عالمية
رقم المجلد/ التعيين التسلسلي 327
650 04 - المدخل الاضافى بالموضوع-مصطلح موضوعى
مصطلح موضوعي المسرحيات
650 04 - المدخل الاضافى بالموضوع-مصطلح موضوعى
مصطلح موضوعي المسرح - اسبانيا
942 ## - عناصر المدخل الإضافي( كوها)
مصدر التصنيف او مخطط الترفيف Dewey Decimal Classification
Koha [default] item type كتاب
260 ## - PUBLICATION, DISTRIBUTION, ETC. (IMPRINT)
-- القاهرة :
-- المجلس الوطنى للثقافة والفنون والاداب ،
Holdings
حالة التراجع حالة الفقد حالة تلف ليس للاعارة المكان المؤقت الموقع الحالى تاريخ الاكتساب اجمالي اﻻعارات رقم الطلب الباركود تاريخ اخر مشاهدة تاريخ تفعيل السعر نوع وعاء كوها
        مكتبة القاهرة الكبرى مكتبة القاهرة الكبرى 03/26/2014   860.6\ ك م 20034 03/26/2014 03/26/2014 كتاب
        مكتبة القاهرة الكبرى مكتبة القاهرة الكبرى 03/26/2014   860.6\ ك م 20035 03/26/2014 03/26/2014 كتاب
        مكتبة القاهرة الكبرى مكتبة القاهرة الكبرى 03/26/2014   860.6\ ك م 20036 03/26/2014 03/26/2014 كتاب

Powered By

EGPV